| 000 | 00753nam a22002297a 4500 | ||
|---|---|---|---|
| 999 |
_c11231 _d11231 |
||
| 003 | AR-CdUCM | ||
| 008 | 190403b ||||| |||| 00| 0 spa d | ||
| 040 |
_aMUNICIPALIDAD PROVINCIAL DEL CUSCO _cBIBLIOTECA MUNICIPAL DEL CUSCO |
||
| 082 |
_aES / 373.985 / _bD68 |
||
| 100 |
_aDíaz S, Plácido _928488 |
||
| 245 |
_aHistoria del Perú : _ben el proceso americano y mundial / |
||
| 260 |
_aLima : _bEscuela Nueva, _c1999. |
||
| 300 |
_a300 paginas ; _bIlustraciones, graficos, dibujos, mapas, retratos, _c20 cm. |
||
| 500 | _aHistoria | ||
| 650 |
_aHistoria _9136 |
||
| 650 |
_aPerú _935 |
||
| 650 |
_aLiteratura _983 |
||
| 700 |
_aNarrea N, Manuel _928489 |
||
| 700 |
_aBenavides Estrada, J. Augusto _927805 |
||
| 942 |
_2ddc _cLIBROS |
||
| 945 | _apjha | ||